00470 2200181 4500245005400000020001800054250001100072100002100083700002400104700002300128650001700151005001900168260003100187041001400218084001300232300003400245336000900279 aShanaou Yoshitsune Vol. 5cSawada, HirofumihText a9789792312676 aCet. 4 aSawada, Hirofumi aArdiatma Mahardhika aFebrian Anantasyah aKomik Jepang a20230907141716 aJakartabPT Gramediac2011 aIndonesia a741.5592 a... jil. :bilus. ;c17,5 cm. atext